000 00671nam a2200253 i 4500
001 C2-0275711
003 PPAK
005 20180728004414.0
008 061107s2006 enk |||| ||||| | eng d
020 _a0747584443
040 _aPPAK
_beng
_cPPAK
_erda
082 0 4 _a967.571043
_223
090 0 0 _a967.571043
_bRUS
_dG
100 1 _aRusesabagina, Paul,
_eauthor
245 1 3 _aAn ordinary man
264 1 _aLondon :
_bBloomsbury Publishing ,
_c2006
300 _axviii, 264 pages ;
_c23 cm
336 _2rdacontent
_atext
337 _2rdamedia
_aunmediated
338 _2rdacarrier
_avolume
650 1 0 _aRwanda - Biorgaphy.
700 _eauthor
942 _ddc
_cB
999 _c83324
_d83324